Авторское право (Запись № 4002097)

Подробности
000 -МАРКЕР
контрольное поле 03733nas1a22005531i 4500
001 - ИДЕНТИФИКАТОР ЗАПИСИ
контрольное поле RU\NLR\INFOCOMM\1000015013
005 - ИДЕНТИФИКАТОР ВЕРСИИ
контрольное поле 20260407073235.0
011 ## - МЕЖДУНАРОДНЫЙ СТАНДАРТНЫЙ НОМЕР СЕРИАЛЬНОГО ИЗДАНИЯ (ISSN)
Номер (ISSN) 0234-3002
035 ## - ДРУГИЕ СИСТЕМНЫЕ НОМЕРА
Идентификатор записи (NLR Aleph) 002276557
100 ## - ДАННЫЕ ОБЩЕЙ ОБРАБОТКИ
Данные общей обработки 20031120c1985 |||y0rusy50 ca
101 0# - ЯЗЫК РЕСУРСА
Язык текста, звукозаписи и т.д. русский
102 ## - СТРАНА ПУБЛИКАЦИИ ИЛИ ПРОИЗВОДСТВА
Страна публикации российская федерация
110 ## - ПОЛЕ КОДИРОВАННЫХ ДАННЫХ: ПРОДОЛЖАЮЩИЕСЯ РЕСУРСЫ
Кодированные данные продолжающегося ресурса ahu||||0|y0
200 1# - ЗАГЛАВИЕ И СВЕДЕНИЯ ОБ ОТВЕТСТВЕННОСТИ
Основное заглавие Авторское право
Сведения, относящиеся к заглавию Бюл. UNESCO
210 ## - ПУБЛИКАЦИЯ, РАСПРОСТРАНЕНИЕ И ДР.
Место издания, распространения и т.д. М.
Имя издателя, распространителя и т. д. ЮниПринт
Дата издания, распространения и т.д. 1985-
300 ## - ОБЩИЕ ПРИМЕЧАНИЯ
Текст примечания Выходит также на англ., фр., исп. и кит. яз. До т. 18 (1985) на рус. яз. не изд.
430 #1 - ПРОДОЛЖЕН
Встроенное поле 001rc\708728
-- 2001#$aБюллетень по авторскому праву
Системный номер (АБИС) связанной записи 6799387
Место публикации М.
Дата публикации 1985-2000
Первые сведения об ответственности ЮНЕСКО, Комис. СССР по делам ЮНЕСКО
Имя издателя, распространителя и т.д. Прогресс
Сведения, относящиеся к заглавию Ежекварт. обзор : Публ. ЮНЕСКО
Заглавие Бюллетень по авторскому праву
ISSN 0010-8634
712 02 - НАИМЕНОВАНИЕ ОРГАНИЗАЦИИ - ВТОРИЧНАЯ ОТВЕТСТВЕННОСТЬ
Код отношения Прочие
Начальный элемент ввода ЮНЕСКО
Идентификатор авторитетной/нормативной записи RU\NLR\AUTH\883199
Системный номер авторитетной/нормативной записи 277585
801 #2 - ИСТОЧНИК ЗАПИСИ
Страна российская федерация
Организация NLR
Дата составления 20081101
Источник данных rusmarc
801 #1 - ИСТОЧНИК ЗАПИСИ
Страна российская федерация
Организация InfoComm
Дата составления 20031120
801 #0 - ИСТОЧНИК ЗАПИСИ
Страна российская федерация
Организация NLR
Правила каталогизации PSBO
852 ## - МЕСТОНАХОЖДЕНИЕ И ШИФР ХРАНЕНИЯ
Идентификатор организации NLR
Шифр хранения (Call Number) П22/5150
942 ## - ДОПОЛНИТЕЛЬНЫЕ ЭЛЕМЕНТЫ ЗАПИСИ (АБИС)
Тип экземпляра АБИС Журнал
980 ## - КОЛЛЕКЦИЯ
Название коллекции Русская периодика

Нет доступных экземпляров.